| 000 | 00958cam a2200265 a 4500 | ||
|---|---|---|---|
| 001 | 16524342 | ||
| 005 | 20130130140000.0 | ||
| 008 | 101029s2011 dcua b i001 0 eng | ||
| 010 | _a 2010045789 | ||
| 020 | _a9780821384831 (pbk.) | ||
| 082 | 0 | 0 |
_a336.3435 _222 _bSOV |
| 245 | 0 | 0 |
_aSovereign Debt and the Financial Crisis : _bWill this Time Be Different? / _cedited by Carlos A. Primo Braga, Gallina A. Vincelette. |
| 260 |
_aWashington, D.C. : _bWorld Bank, _cc2011. |
||
| 300 |
_axxvi, 496 p. : _bill. ; _c24 cm. |
||
| 504 | _aIncludes bibliographical references and index. | ||
| 650 | 0 |
_aDebts, Public. _932129 |
|
| 650 | 0 |
_aFinancial crises. _932165 |
|
| 650 | 0 |
_aEconomic policy. _932166 |
|
| 650 | 0 |
_aMonetary policy. _932167 |
|
| 650 | 0 |
_aDebt relief _zDeveloping countries. _932168 |
|
| 653 |
_bEco _cJanuary2013 |
||
| 700 | 1 |
_aBraga, Carlos Alberto Primo, _d1954- _932169 |
|
| 700 | 1 |
_aVincelette, Gallina Andronova. _932170 |
|
| 942 |
_2ddc _cBB |
||
| 999 |
_c17178 _d17150 |
||